LEADER 03342nam 2200673 450 001 9910813966903321 005 20200520144314.0 010 $a0-8173-8344-1 035 $a(CKB)3710000000212466 035 $a(EBL)1756968 035 $a(SSID)ssj0001399103 035 $a(PQKBManifestationID)11797254 035 $a(PQKBTitleCode)TC0001399103 035 $a(PQKBWorkID)11450234 035 $a(PQKB)11420409 035 $a(OCoLC)891394504 035 $a(MdBmJHUP)muse42653 035 $a(Au-PeEL)EBL1756968 035 $a(CaPaEBR)ebr10905105 035 $a(MiAaPQ)EBC1756968 035 $a(EXLCZ)993710000000212466 100 $a20041008h20052005 uy| 0 101 0 $aeng 135 $aur|n|---||||| 181 $ctxt 182 $cc 183 $acr 200 10$aCaribbean paleodemography $epopulation, culture history, and sociopolitical processes in ancient Puerto Rico /$fL. Antonio Curet 210 1$aTuscaloosa :$cUniversity of Alabama Press,$d[2005] 210 4$d©2005 215 $a1 online resource (288 p.) 300 $aDescription based upon print version of record. 311 $a0-8173-5185-X 311 $a0-8173-1461-X 320 $aIncludes bibliographical references (pages [235]-268) and index. 327 $aDemography and ancient populations in the Caribbean -- Cultural and social history of ancient Puerto Rico -- Migration, colonization, and cultural change: an anthropological approach -- Ancient migrations in Puerto Rico: issues and possible explanations -- Intraisland population trends: regional analysis -- Population, carrying capacity, and population pressure: ancient demography of the Valley of Maunabo -- Paleodemography at the local level -- Conclusions: Paleodemography and Caribbean archaeology. 330 $aAccording to the European chronicles, at the time of contact, the Greater Antilles were inhabited by the Tainos or Arawak Indians, who were organized in hierarchical societies. Since its inception Caribbean archaeology has used population as an important variable in explaining many social, political, and economic processes such as migration, changes in subsistence systems, and the development of institutionalized social stratification. In Caribbean Paleodemography, L. Antonio Curet argues that population has been used casually by Caribbean archaeologists and proposes more rigorous and promising 606 $aIndians of the West Indies$zPuerto Rico$xAntiquities 606 $aIndians of the West Indies$zPuerto Rico$xPopulation 606 $aIndians of the West Indies$zPuerto Rico$xMigrations 606 $aExcavations (Archaeology)$zPuerto Rico 606 $aIsland archaeology$zPuerto Rico 606 $aDemographic archaeology$zPuerto Rico 607 $aPuerto Rico$xAntiquities 615 0$aIndians of the West Indies$xAntiquities. 615 0$aIndians of the West Indies$xPopulation. 615 0$aIndians of the West Indies$xMigrations. 615 0$aExcavations (Archaeology) 615 0$aIsland archaeology 615 0$aDemographic archaeology 676 $a304.8/097295 700 $aCuret$b L. Antonio$f1960-$01629473 801 0$bMiAaPQ 801 1$bMiAaPQ 801 2$bMiAaPQ 906 $aBOOK 912 $a9910813966903321 996 $aCaribbean paleodemography$93967224 997 $aUNINA LEADER 08979nas 2202185-a 450 001 996207427703316 005 20240413013052.0 011 $a1564-8567 035 $a(DE-599)ZDB1564-8567 035 $a(CKB)1000000000221973 035 $a(CONSER)---96652812- 035 $a(EXLCZ)991000000000221973 100 $a19861216a19uu9999 -f- - 101 0 $aeng 181 $ctxt$2rdacontent 182 $cc$2rdamedia 183 $acr$2rdacarrier 200 04$aThe state of world population /$fExecutive Director of the United Nations Fund for Population Activities 210 $aNew York, N.Y. $cUnited Nations Fund for Population Activities 210 31$aNew York, N.Y. :$cUnited Nations Population Fund 215 $a1 online resource 300 $aSome issues have distinctive titles; supplements also carry distinctive title. 311 $aPrint version: The state of world population / (DLC) 96652812 (DLC)sn 86036961 (DLC) 2010027807 (OCoLC)14980317 1020-5195 517 1 $aUNFPA state of world population 531 $aSTATE OF WORLD POPULATION 606 $aPopulation$vPeriodicals 606 $aPopulation geography$vPeriodicals 606 $aReproductive health$xInternational cooperation$vPeriodicals 606 $aFertility, Human$vPeriodicals 606 $aFamily planning$vPeriodicals 606 $aFamily size$vPeriodicals 606 $aReproductive rights$vPeriodicals 606 $aWomen$xSocial conditions$vPeriodicals 606 $aWomen in development$vPeriodicals 606 $aYouth$xSocial conditions$vPeriodicals 606 $aYouth in development$vPeriodicals 606 $aPoverty$xInternational cooperation$vPeriodicals 606 $aEconomic development projects$xInternational cooperation$vPeriodicals 606 $aHuman rights$xInternational cooperation$vPeriodicals 606 $aIntergenerational relations$vPeriodicals 606 $aPopulation aging$vPeriodicals 606 $aSustainable development$xInternational cooperation$vPeriodicals 606 $aDemographic transition$xInternational cooperation$vPeriodicals 606 $aVital statistics$vPeriodicals 606 $aSocial indicators$vPeriodicals 606 $aBirth control 606 $aPopulation 606 $aPopulation Control 606 $aPopulation 606 $aPopulation$vPériodiques 606 $aGéographie de la population$vPériodiques 606 $aSanté de la reproduction$xCoopération internationale$vPériodiques 606 $aFécondité humaine$vPériodiques 606 $aPlanification familiale$vPériodiques 606 $aFamilles$xDimension$vPériodiques 606 $aDroits génésiques$vPériodiques 606 $aFemmes$xConditions sociales$vPériodiques 606 $aFemmes dans le développement$vPériodiques 606 $aJeunesse$xConditions sociales$vPériodiques 606 $aJeunesse dans le développement$vPériodiques 606 $aPauvreté$xCoopération internationale$vPériodiques 606 $aProjets de développement économique$xCoopération internationale$vPériodiques 606 $aDroits de l'homme (Droit international)$xCoopération internationale$vPériodiques 606 $aRelations entre générations$vPériodiques 606 $aVieillissement de la population$vPériodiques 606 $aDéveloppement durable$xCoopération internationale$vPériodiques 606 $aTransition démographique$xCoopération internationale$vPériodiques 606 $aIndicateurs sociaux$vPériodiques 606 $aRégulation des naissances 606 $aPopulation 606 $apopulation$2aat 606 $aBirth control$2fast$3(OCoLC)fst00833148 606 $aEconomic development projects$xInternational cooperation$2fast$3(OCoLC)fst00901919 606 $aFamily planning$2fast$3(OCoLC)fst01750250 606 $aFamily size$2fast$3(OCoLC)fst00920496 606 $aFertility, Human$2fast$3(OCoLC)fst00923157 606 $aHuman rights$xInternational cooperation$2fast$3(OCoLC)fst00963301 606 $aIntergenerational relations$2fast$3(OCoLC)fst00976251 606 $aInternational cooperation$2fast$3(OCoLC)fst00976857 606 $aPopulation$2fast$3(OCoLC)fst01071476 606 $aPopulation aging$2fast$3(OCoLC)fst01739590 606 $aPopulation geography$2fast$3(OCoLC)fst01071591 606 $aPopulation policy$2fast$3(OCoLC)fst01071601 606 $aPoverty$xInternational cooperation$2fast$3(OCoLC)fst01074109 606 $aReproductive rights$2fast$3(OCoLC)fst01745961 606 $aSocial indicators$2fast$3(OCoLC)fst01122522 606 $aSustainable development$xInternational cooperation$2fast$3(OCoLC)fst01139747 606 $aVital statistics$2fast$3(OCoLC)fst01168137 606 $aWomen in development$2fast$3(OCoLC)fst01177865 606 $aWomen$xSocial conditions$2fast$3(OCoLC)fst01176947 606 $aYouth in development$2fast$3(OCoLC)fst01183610 606 $aYouth$xSocial conditions$2fast$3(OCoLC)fst01183536 606 $aPOPULATION$2unbist 606 $aPOPULATION TRENDS$2unbist 606 $aDEMOGRAPHIC STATISTICS$2unbist 606 $aSTATISTICAL DATA$2unbist 607 $aDeveloping countries$xPopulation policy$vPeriodicals 607 $aPays en voie de développement$xPopulation$vPériodiques 607 $aDeveloping countries$2fast 608 $aStatistics.$2fast 608 $aPeriodical 608 $aStatistics 608 $aComputer network resources. 608 $aPeriodicals.$2fast 608 $aStatistics.$2lcgft 608 $aStatistiques.$2rvmgf 615 0$aPopulation 615 0$aPopulation geography 615 0$aReproductive health$xInternational cooperation 615 0$aFertility, Human 615 0$aFamily planning 615 0$aFamily size 615 0$aReproductive rights 615 0$aWomen$xSocial conditions 615 0$aWomen in development 615 0$aYouth$xSocial conditions 615 0$aYouth in development 615 0$aPoverty$xInternational cooperation 615 0$aEconomic development projects$xInternational cooperation 615 0$aHuman rights$xInternational cooperation 615 0$aIntergenerational relations 615 0$aPopulation aging 615 0$aSustainable development$xInternational cooperation 615 0$aDemographic transition$xInternational cooperation 615 0$aVital statistics 615 0$aSocial indicators 615 0$aBirth control. 615 0$aPopulation. 615 2$aPopulation Control 615 2$aPopulation 615 6$aPopulation 615 6$aGéographie de la population 615 6$aSanté de la reproduction$xCoopération internationale 615 6$aFécondité humaine 615 6$aPlanification familiale 615 6$aFamilles$xDimension 615 6$aDroits génésiques 615 6$aFemmes$xConditions sociales 615 6$aFemmes dans le développement 615 6$aJeunesse$xConditions sociales 615 6$aJeunesse dans le développement 615 6$aPauvreté$xCoopération internationale 615 6$aProjets de développement économique$xCoopération internationale 615 6$aDroits de l'homme (Droit international)$xCoopération internationale 615 6$aRelations entre générations 615 6$aVieillissement de la population 615 6$aDéveloppement durable$xCoopération internationale 615 6$aTransition démographique$xCoopération internationale 615 6$aIndicateurs sociaux 615 6$aRégulation des naissances. 615 6$aPopulation. 615 7$apopulation. 615 7$aBirth control. 615 7$aEconomic development projects$xInternational cooperation. 615 7$aFamily planning. 615 7$aFamily size. 615 7$aFertility, Human. 615 7$aHuman rights$xInternational cooperation. 615 7$aIntergenerational relations. 615 7$aInternational cooperation. 615 7$aPopulation. 615 7$aPopulation aging. 615 7$aPopulation geography. 615 7$aPopulation policy. 615 7$aPoverty$xInternational cooperation. 615 7$aReproductive rights. 615 7$aSocial indicators. 615 7$aSustainable development$xInternational cooperation. 615 7$aVital statistics. 615 7$aWomen in development. 615 7$aWomen$xSocial conditions. 615 7$aYouth in development. 615 7$aYouth$xSocial conditions. 615 17$aPOPULATION. 615 17$aPOPULATION TRENDS. 615 17$aDEMOGRAPHIC STATISTICS. 615 17$aSTATISTICAL DATA. 676 $a304.6/05 712 02$aUnited Nations Fund for Population Activities, 712 02$aUnited Nations Population Fund, 906 $aJOURNAL 912 $a996207427703316 920 $aexl_impl conversion 996 $aThe state of world population$92425750 997 $aUNISA